000
00251nam a22001097a 4500
082
_a
671.823 BET'S
100
_a
BETTERYLEY, MALVIN L
_9
58208
245
_a
SHEET METAL DRAFTING
260
_a
NEWYORK
_b
MCGRAW HILL
_c
1961
300
_a
314P
942
_c
BK
999
_c
568409
_d
568409